000 00250nam a2200109Ia 4500
008 190216s9999||||xx |||||||||||||| ||und||
100 _aNandakumar
245 0 _aRekthamillatha Manushyan
260 _bNbs Kottayam
650 _aMalayalam
942 _cBK
999 _c25926
_d25926